<The> economic integration of oligopolistic markets.
Predmet analýzy ekonomickej integrácie. Ekon. integrácia ako možná forma redukovania nákladov na obchod. Analýza účinkov ako redukovanie nákladov na obchod, tak aj účinkov pohybu smerom k trhovej integrácii. Dve etapy analýzy: 1. model pre najjednoduchší možný prípad dvoch symetrických ekonomík s li...
Gespeichert in:
| 1. Verfasser: | |
|---|---|
| Format: | Buchkapitel |
| Sprache: | Englisch |
| Schlagworte: | |
| Tags: |
Keine Tags, Fügen Sie das erste Tag hinzu!
|
MARC
| LEADER | 00000naa a2200000 4500 | ||
|---|---|---|---|
| 001 | r001921 | ||
| 005 | 20220909073742.6 | ||
| 041 | 0 | |a eng | |
| 044 | |a NL | ||
| 245 | 1 | 0 | |a <The> economic integration of oligopolistic markets. |c A.J. Venables |
| 520 | |a Predmet analýzy ekonomickej integrácie. Ekon. integrácia ako možná forma redukovania nákladov na obchod. Analýza účinkov ako redukovanie nákladov na obchod, tak aj účinkov pohybu smerom k trhovej integrácii. Dve etapy analýzy: 1. model pre najjednoduchší možný prípad dvoch symetrických ekonomík s lineárnym dopytom a nákladmi, 2. numerické simulácie. Účinky pohybu medzi rôznymi stupňami trhovej integrácie na strojárský priemysel vybraných európskych krajín a zmeny v nákladoch na obchod. | ||
| 610 | 2 | 0 | |a integrácia ekonomická |
| 610 | 2 | 0 | |a oligopoly |
| 610 | 2 | 0 | |a trh |
| 610 | 2 | 0 | |a modely obchodu zahraničného |
| 610 | 2 | 0 | |a Európa |
| 610 | 2 | 0 | |a náklady |
| 100 | 1 | |a Venables, Anthony J. | |